00797nam a22002057a 450000500170000001000150001702000260003203500140005803700090007208200130008110000360009424500640013025000060019426000420020027001140024230000200035694200270037699900190040395201690042220240925150145.0 aENG-141774 a9789362972019c295.00 aEN-125306 bDBAD a616.0252 aChowdhury, Biswaroop Roy971955 aProtocol of Emergency Medicine/cBy Biswaroop Roy Chowdhury a1 aNew DelhibDiamond Pocket Booksc2024 aX- 30, Okhla Industrial Area, Phase-IIbNew Delhie110020mwecare@diamondbooks.ink011-40712100k011-41611861 a237p.c22cm(pb) 2ddccENh616.0252mCHO c205886d205886 001040708NFICaVPbVPd2024-09-25eDelivery of Books Act Divisiong295.00l1o616.0252 CHOpEN-125306r2026-01-28 00:00:00s2026-01-13t1v295.00w2024-09-25yEN